| 000 | 00680nam a22001817a 4500 | ||
|---|---|---|---|
| 008 | 100603t1987 xxu||||g |||| 000 0 ara d | ||
| 020 | _a9770114529 | ||
| 082 |
_222 _a341.64 _bج لا ل |
||
| 245 | _aحركة عدم الانحياز فى عالم متغير | ||
| 260 |
_aالقاهرة: _bالهيئة المصرية العامة للكتاب، _c1978. |
||
| 300 |
_a183 ص. _c24 سم. |
||
| 440 |
_914579 _a(الألف كتاب الثاني ؛47) |
||
| 500 | _aإهداء من الدكتور علاء عبد الغنى | ||
| 650 |
_914581 _aالأمن الدولي |
||
| 650 |
_914582 _aالمنظمات الدولية |
||
| 650 |
_914583 _aالحياد |
||
| 942 |
_2ddc _cBB |
||
| 999 |
_c14059 _d14059 |
||